Fiction(s) (notice n° 1662360)
[ vue normale ]
| 000 -LEADER | |
|---|---|
| fixed length control field | 01517cam a2200133 4500500 |
| 005 - DATE AND TIME OF LATEST TRANSACTION | |
| control field | 20260208113454.0 |
| 041 ## - LANGUAGE CODE | |
| Language code of text/sound track or separate title | fre |
| 042 ## - AUTHENTICATION CODE | |
| Authentication code | dc |
| 100 10 - MAIN ENTRY--PERSONAL NAME | |
| Personal name | Cotte, Olivier |
| Relator term | author |
| 245 00 - TITLE STATEMENT | |
| Title | Fiction(s) |
| 260 ## - PUBLICATION, DISTRIBUTION, ETC. | |
| Name of publisher, distributor, etc. | Armand Colin,<br/> |
| Date of publication, distribution, etc. | 2025.<br/> |
| 520 ## - SUMMARY, ETC. | |
| Summary, etc. | Qu’est-ce qui fait qu’une histoire fonctionne ? Pourquoi certaines fictions nous captivent dès les premières minutes, tandis que d’autres peinent à nous intéresser ? Qu’il s’agisse d’un film, d’une série, d’un roman, d’une pièce de théâtre ou d’une bande dessinée, toute œuvre repose sur une structure narrative, une cohérence thématique, une qualité rythmique et des personnages inoubliables. Fiction(s) explore les fondations du récit à travers une approche claire et rigoureuse. De la construction dramatique aux dynamiques de personnages en passant par les astuces d’écriture, cet ouvrage propose une plongée dans les mécanismes essentiels de la narration. Il s’adresse à celles et ceux qui souhaitent comprendre comment développer une histoire qui touche son public et reste dans les mémoires. Issu d’une réflexion nourrie par l’analyse et riche d’exemples variés, ce livre accompagne les auteurs, scénaristes et aspirants dans le processus riche, complexe et exaltant de la création narrative. Un ouvrage de fond, pensé pour devenir un repère durable dans le paysage des outils d’écriture. |
| 856 41 - ELECTRONIC LOCATION AND ACCESS | |
| Uniform Resource Identifier | <a href="https://shs.cairn.info/fictions--9782200640736?lang=fr&redirect-ssocas=7080">https://shs.cairn.info/fictions--9782200640736?lang=fr&redirect-ssocas=7080</a> |
Pas d'exemplaire disponible.




Réseaux sociaux